000 00627nam a22002177a 4500
003 UA-OsUOA
001 60298
007 ta
008 20090514b un ||||| |||| 00| 0 ukr d
100 _aДідківська Л.
090 _a330(477)
_bД50
942 _cSA
040 _aUA-OsUOA
_bukr
_cUA-OsUOA
_dUA-OsUOA
245 _aСучасний розвиток конкурентного середовища ринку споживчих оварів України
300 _aС.48-67
955 _a0
041 _aukr
080 _a330(477)
773 0 _w60292
650 7 _a330 Економіка взагалі
_2UDC
999 _c346184
_d346184